Countries where Spanish is an Official Language - Statistics

General Stats
  • This quiz has been taken 85 times
  • The average score is 17 of 20
Answer Stats
Country % Correct
Spain
97%
Chile
92%
Colombia
92%
Mexico
92%
Peru
92%
Argentina
90%
Venezuela
90%
Ecuador
89%
Paraguay
89%
Bolivia
88%
El Salvador
88%
Guatemala
88%
Nicaragua
88%
Uruguay
88%
Dominican Republic
86%
Costa Rica
85%
Cuba
85%
Panama
85%
Honduras
84%
Equatorial Guinea
58%
No matching quizzes found
Score Distribution
Percent of People with Each Score
Percentile by Number Answered
Your Score History
You have not taken this quiz